000 00733nam a2200229Ia 4500
003 GCL
008 140319s9999 xx 000 0 ara d
040 _aGCL /
_cGCL
082 0 4 _a711.4
_bم ت
100 1 _aمانجان، دايفيد
245 1 0 _aالتخطيط المدينى /
_cمانجان، دايفيد
700 1 _aباتيرى، فيليب
250 _aالاولى
260 _aبيروت :
_bدار قابس للطباعة والنشر والتوزيع ،
_c2004
300 _a155 ص ؛
_c24 سم
650 0 4 _aالمساكن
650 0 4 _aتخطيط المدن
650 0 4 _aالاحياء السكنية
650 0 4 _aالمبانى العامة
650 0 4 _aالمدن - تجميل
942 _2ddc
_cBK
999 _c6415
_d6415